[Event "6th Gibtelecom Masters"]
[Site "Gibraltar ENG"]
[Date "2008.01.23"]
[Round "2"]
[White "Leon Hoyos,M"]
[Black "Ocana Roca,J"]
[Result "1-0"]
[WhiteElo "2495"]
[BlackElo "2127"]

1.d4 Nf6 2.Bg5 g6 3.Bxf6 exf6 4.h4 f5 5.h5 Bg7 6.e3 d5 7.Ne2 Nd7 8.c4 dxc4
9.Nf4 Nb6 10.Bxc4 Nxc4 11.Qa4+ c6 12.Qxc4 g5 13.Ne2 h6 14.Nbc3 Be6 15.Qd3 O-O
16.O-O Qe7 17.Rab1 Rad8 18.b4 Qf6 19.Rfd1 Rfe8 20.b5 f4 21.bxc6 fxe3 22.fxe3 bxc6
23.Ng3 Qe7 24.Qe4 Qa3 25.Qd3 Qe7 26.Qe4 Qa3 27.Qd3 Qe7 28.Qe4 Qa3 29.Qc2 c5
30.Nge2 cxd4 31.Nxd4 Rc8 32.Rdc1 Bxa2 33.Qxa2 Rxc3 34.Qxa3 Rxa3 35.Nf5 Rd8
36.Rc2 Bf8 37.Rb7 Ra5 38.g4 Ra4 39.Kf2 Rxg4 40.Rcc7 a5 41.Rxf7 Rb4 42.Ra7 a4
43.Nd4 Ra8 44.Rg7+ Bxg7 45.Rxa8+ Kf7 46.Ra7+ Kg8 47.Nc6 Rc4 48.Ne7+ Kf8 49.Nf5 Be5
50.Ra5 Bc7 51.Ra8+ Kf7 52.Nxh6+ Ke6 53.Kf3 Rh4 54.Ra6+ Kd7 55.Ng4  1-0

[Event "Winter Open"]
[Site "Belgrade SRB"]
[Date "2008.01.24"]
[Round "3"]
[White "Zivkovic,De"]
[Black "Lukovic,V"]
[Result "1/2-1/2"]
[WhiteElo "2164"]
[BlackElo "1943"]

1.d4 Nf6 2.Bg5 g6 3.Bxf6 exf6 4.e3 d5 5.Bd3 c6 6.Qf3 Bg7 7.Ne2 O-O 8.Nbc3 b5
9.a3 Re8 10.Nf4 f5 11.Nce2 Nd7 12.h4 h5 13.g3 Nf6 14.O-O Bd7 15.Kg2 Ne4 16.Rfd1 Qb6
17.Ng1 c5 18.c3 c4 19.Bc2 a5  1/2-1/2

[Event "Winter Open"]
[Site "Belgrade SRB"]
[Date "2008.01.24"]
[Round "3"]
[White "Prelevic,D"]
[Black "Abramovic,B"]
[Result "0-1"]
[WhiteElo "2354"]
[BlackElo "2499"]

1.d4 Nf6 2.Bg5 d5 3.Bxf6 exf6 4.e3 c6 5.Nd2 f5 6.Bd3 g6 7.Ne2 Nd7 8.c4 dxc4
9.Nxc4 Qe7 10.O-O Bg7 11.Nf4 O-O 12.Rb1 Nf6 13.Be2 Nd5 14.g3 Nxf4 15.gxf4 Be6
16.b3 Rad8 17.Bf3 Kh8 18.Qe2 g5 19.fxg5 Qxg5+ 20.Kh1 f4 21.Rg1 Qh6 22.Nb2 Rfe8
23.Rbe1 Bf5 24.Nd1 Bxd4 25.Qc4 Be5 26.e4 Bg6 27.Qc5 Bh5  0-1

[Event "Winter Open"]
[Site "Belgrade SRB"]
[Date "2008.01.27"]
[Round "6"]
[White "Ilic,SloR"]
[Black "Bojovic,D"]
[Result "0-1"]
[WhiteElo "2115"]
[BlackElo "2230"]

1.d4 Nf6 2.Bg5 c5 3.Bxf6 gxf6 4.Nf3 cxd4 5.Qxd4 Nc6 6.Qa4 Qb6 7.Qb3 Qc7 8.e3 e6
9.Nbd2 b6 10.c3 Bb7 11.Bd3 Rc8 12.Rg1 h5 13.h4 a6 14.Be2 b5 15.a3 Na5 16.Qd1 f5
17.g3 Nc4 18.Nxc4 bxc4 19.Qd4 Rh6 20.O-O-O Bd5 21.Ng5 Rb8 22.e4 fxe4 23.Nxe4 Qb7
24.Rd2 Bxe4  0-1

[Event "Winter Open"]
[Site "Belgrade SRB"]
[Date "2008.01.28"]
[Round "7"]
[White "Jovanovic,Neb"]
[Black "Isak,I"]
[Result "0-1"]
[WhiteElo "1895"]
[BlackElo "2017"]

1.d4 Nf6 2.Bg5 d5 3.c4 e6 4.Nc3 c6 5.e4 dxe4 6.g3 Be7 7.Bg2 O-O 8.Nge2 Nbd7
9.O-O h6 10.Be3 b6 11.Nxe4 Bb7 12.Rc1 Nxe4 13.Bxe4 Nf6 14.Bg2 Qc7 15.Qb3 Rac8
16.d5 exd5 17.cxd5 c5 18.Nc3 Rcd8 19.Bf4 Qc8 20.Rfe1 Rfe8 21.Rcd1 Qa8 22.Re2 Bd6
23.Rxe8+ Nxe8 24.Ne2 Nf6 25.Qf3 Ba6 26.Nc3 Qb8 27.Bxh6 Be5 28.Bg5 Re8 29.Bxf6 Bxf6
30.d6 Bd4 31.d7 Rd8 32.Bh3 Bb7 33.Qe2 Bc6 34.Qe7 a6 35.Ne2 Bxb2 36.Rd6 Bf6
37.Rxf6 gxf6 38.Qxf6 Bxd7 39.Qg5+ Kf8 40.Qh6+ Kg8 41.Qg5+ Kf8 42.Qh6+ Ke7
43.Qg5+ Kf8 44.Qh6+ Ke8 45.Bg2 Qe5 46.Nf4 Bb5 47.Bc6+ Bxc6 48.Qxc6+ Kf8 49.Qh6+ Ke7
50.Qxb6 Qe1+ 51.Kg2 Qe4+ 52.f3 Rd2+ 53.Kh3 Qf5+ 54.g4 Qxf4 55.Qxc5+ Qd6 56.Qa7+ Kf6
57.g5+ Kxg5 58.Qe3+ Qf4 59.Qe7+ Kg6  0-1

[Event "Winter Open"]
[Site "Belgrade SRB"]
[Date "2008.01.28"]
[Round "7"]
[White "Prelevic,D"]
[Black "Djurdjevic,P2"]
[Result "0-1"]
[WhiteElo "2354"]
[BlackElo "2017"]

1.d4 d5 2.Bg5 Nf6 3.Bxf6 exf6 4.e3 Be6 5.Bd3 f5 6.Ne2 Bd6 7.c3 c6 8.Nd2 Nd7
9.Qc2 g6 10.c4 Nf6 11.c5 Bc7  0-1

[Event "ch-Kyiv Men"]
[Site "Kyiv UKR"]
[Date "2008.01.28"]
[Round "8"]
[White "Panchenko,AG"]
[Black "Chernozem,S"]
[Result "1/2-1/2"]
[WhiteElo "2327"]
[BlackElo "2080"]

1.d4 Nf6 2.Bg5 d5 3.Bxf6 exf6 4.e3 g6 5.c4 Bg7 6.Nc3 dxc4 7.Bxc4 O-O 8.Nge2 b6
9.Bd5 c6 10.Bf3 Bb7 11.b4 Qe7 12.Rb1 f5 13.O-O Rd8 14.Qb3 a6 15.a4 Ra7 16.Rfc1 Nd7
17.Nf4 g5 18.Nd3 g4 19.Be2 Nf8 20.Bf1 Ng6 21.Ne2 Nh4 22.a5 b5 23.Nef4 Raa8
24.Rc5 Rac8 25.Rbc1 Bf8 26.R5c2 Ra8 27.Nc5 Bc8 28.Kh1 Rd6 29.Ncd3 Bb7 30.Rc3 Rh6
31.Nc5 Bc8 32.Qd1 Qg5 33.Ncd3 Bb7 34.Ne5 Rc8 35.Qb3 Qg7 36.Nfd3 Bd6 37.Kg1 Re8
38.Rc5 Bxc5  1/2-1/2

[Event "Winter Open"]
[Site "Belgrade SRB"]
[Date "2008.01.29"]
[Round "8"]
[White "Masovic,B"]
[Black "Drobnjak,Z"]
[Result "0-1"]
[WhiteElo "1852"]
[BlackElo "2131"]

1.d4 Nf6 2.Bg5 d5 3.Bxf6 exf6 4.c3 Bd6 5.Qc2 O-O 6.e3 f5 7.g3 Re8 8.h4 Qf6
9.Nf3 Nd7 10.Bd3 Nf8 11.O-O f4 12.exf4 Bh3 13.Re1 Bxf4 14.Rxe8 Rxe8 15.Nbd2 Bd6
16.Re1 Rxe1+ 17.Nxe1 c6 18.Qd1 Qe6 19.Qe2 c5 20.Qxe6 Nxe6 21.Nef3 cxd4 22.cxd4 Bg4
23.Kg2 Bc7 24.Nb3 Bb6 25.Bc2 Bxf3+ 26.Kxf3 Bxd4 27.Ke2 Bxb2 28.Kd3 b6 29.Bd1 Kf8
30.Bf3 Nc7 31.Nd4 Bxd4 32.Kxd4 Ke7 33.Bxd5 Nxd5 34.Kxd5 Kd7 35.h5 h6 36.f4 g6
37.hxg6 fxg6 38.Ke5 Ke7 39.Kd5 Kf6 40.a4 Kf5 41.Kc6 Kg4 42.Kb7 Kxg3 43.Kxa7 h5
44.Kxb6 h4  0-1

[Event "13th HIT Open A"]
[Site "Nova Gorica SLO"]
[Date "2008.01.29"]
[Round "6"]
[White "Brumen,D"]
[Black "Peredy,F"]
[Result "1/2-1/2"]
[WhiteElo "2400"]
[BlackElo "2261"]

1.d4 Nf6 2.Bg5 c5 3.Bxf6 gxf6 4.e3 d5 5.c3 Qb6 6.Qb3 c4 7.Qc2 f5 8.Nd2 Qc6
9.Ne2 b5 10.g3 e6 11.Bg2 Bb7 12.O-O Nd7 13.b3 Bd6 14.f3 Nf6 15.Nf4 Qc7 16.Ne2 Qc6
17.Rae1 cxb3 18.axb3 Rc8 19.Rc1 O-O 20.Qb1 a5 21.Nf4 Ba3 22.Rc2 Bb4 23.Ne2 Bd6
24.h3 Qb6 25.g4 fxg4 26.hxg4 Nd7 27.Kf2 f5 28.gxf5 exf5 29.Bh3 Qd8 30.Rh1 Qh4+
31.Kf1 Kh8 32.Bg2 Qe7 33.Kf2 Rce8 34.Nf1 f4 35.exf4 Bxf4 36.Nxf4 Rxf4 37.Qc1 Qf6
38.Ng3 Qf7 39.Re2 Rf8 40.Qe3 b4 41.Rc1 Ba6 42.Ree1 Qf6 43.cxb4 Rg8 44.Rh1 Rxd4
45.Rc7 Bb5 46.Bf1 Rdg4 47.Bd3 Bxd3 48.Qxd3 Qb6+ 49.Kf1 R4g7 50.Rc2 Ne5 51.Qf5 Qb5+
52.Re2 Nxf3 53.Qxf3 Rxg3 54.Qf6+ R8g7 55.bxa5 Qd3 56.Qf8+ Rg8 57.Qf6+ R8g7
58.Qf8+  1/2-1/2

[Event "ch-Kyiv Men"]
[Site "Kyiv UKR"]
[Date "2008.01.30"]
[Round "10"]
[White "Panchenko,AG"]
[Black "Bidkova,V"]
[Result "1/2-1/2"]
[WhiteElo "2327"]
[BlackElo "2028"]

1.d4 Nf6 2.Bg5 d5 3.Bxf6 exf6 4.e3 c6 5.Bd3 f5 6.Ne2 Bd6 7.c4 dxc4 8.Bxc4 Nd7
9.Nbc3 O-O 10.Qc2 Nf6 11.O-O-O Be6 12.Bxe6 fxe6 13.h3 Qe7 14.Kb1 Kh8 15.g4 Nd5
16.gxf5 Rxf5 17.Ne4 Rff8 18.h4 Nb4 19.Qb3 a5 20.f4 c5 21.N2c3 cxd4 22.Rxd4 Bc5
23.Nxc5 Qxc5 24.Re4 Nd5 25.Re5 Nxc3+ 26.Qxc3 Qxc3 27.bxc3 Ra6 28.Rd1 Kg8
29.Rb5 Rc6 30.Rxb7 e5 31.Rdd7 Rg6 32.fxe5 Rg2 33.Rd1 Re2 34.Rg1 Rf7 35.Rb8+ Rf8
36.Rb5 a4 37.Ra5 Rb8+ 38.Ka1 Rb7 39.e6 g6 40.h5 Kg7 41.hxg6 hxg6 42.Rxa4 Rxe3
43.Ra6 Rxc3 44.e7 Rxe7 45.Raxg6+ Kf7 46.Kb2 Rce3 47.Rg7+ Ke8 48.Rg8+ Kd7
49.Rd1+ Kc7 50.Rc1+ Kb7  1/2-1/2

[Event "4th Open A"]
[Site "Moscow RUS"]
[Date "2008.02.03"]
[Round "2"]
[White "Shkurikhin,I"]
[Black "Kurilenko,V"]
[Result "1-0"]
[WhiteElo "2371"]
[BlackElo "2129"]

1.d4 d5 2.Bg5 Nf6 3.Nc3 e6 4.e4 Be7 5.e5 Nfd7 6.Bxe7 Qxe7 7.Bd3 a6 8.Qg4 O-O
9.Nf3 h6 10.O-O c5 11.Rfe1 cxd4 12.Nxd4 Nc6 13.Nf3 b5 14.Qg3 b4 15.Ne2 a5
16.Nf4 Ba6 17.Nh5 f5 18.exf6 Nxf6 19.Nf4 Bxd3 20.cxd3 Qd7 21.Nxe6 Rfe8 22.Nc5 Qg4
23.Qxg4 Nxg4 24.Rxe8+ Rxe8 25.Kf1 Rc8 26.Rc1 Nge5 27.Nxe5 Nxe5 28.Ke2 Nc6
29.Kd2 Rf8 30.f3 Ne7 31.Nd7 Rd8 32.Ne5 Nf5 33.Rc5 Nd4 34.Rxa5 Rc8 35.Rxd5 Rc2+
36.Kd1 b3 37.axb3  1-0

[Event "FSIMA February"]
[Site "Budapest HUN"]
[Date "2008.02.05"]
[Round "4"]
[White "Duong The Anh"]
[Black "Gara,T"]
[Result "1-0"]
[WhiteElo "2381"]
[BlackElo "2319"]

1.d4 Nf6 2.Bg5 c5 3.Bxf6 gxf6 4.dxc5 Na6 5.e4 Nxc5 6.Nc3 d6 7.Qh5 Bg7 8.Bb5+ Bd7
9.Bxd7+ Qxd7 10.Nge2 e6 11.O-O-O O-O-O 12.f4 Kb8 13.Rd2 Qe7 14.Rhd1 Rd7 15.Nd4 f5
16.exf5 Bxd4 17.Rxd4 e5 18.fxe5 Qxe5 19.Qh6 Qxf5 20.Rd5 Qe6 21.Qf4 Ka8 22.Rxd6 Rxd6
23.Qxd6 Qxd6 24.Rxd6 Kb8 25.Rf6 Rf8 26.Rh6 Rg8 27.g3 Rg7 28.Nd5 Ne4 29.c4 Kc8
30.Kc2 Ng5 31.Kd3 Kd7 32.b4 Rg6 33.Rh5 h6 34.c5 Ra6 35.Nc3 Rf6 36.Kc4 a6
37.a4 Re6 38.Rh4 Nf3 39.Rf4 Ne5+ 40.Kd5 Ke7 41.Re4 Nd3 42.b5 Nf2 43.Rxe6+ fxe6+
44.Kd4 axb5 45.axb5 Ng4 46.h3 Nf6 47.Ne4 Nh5 48.Ke5 Ng7 49.Nd6  1-0

[Event "4th Open A"]
[Site "Moscow RUS"]
[Date "2008.02.05"]
[Round "4"]
[White "Chernyshov,K"]
[Black "Chernobay,A"]
[Result "1/2-1/2"]
[WhiteElo "2543"]
[BlackElo "2401"]

1.d4 Nf6 2.Bg5 c5 3.Bxf6 gxf6 4.c3 Qb6 5.Qd2 d5 6.e3 Nc6 7.Nf3 e5 8.Be2 Be6
9.O-O O-O-O 10.Qc2 Kb8 11.a4 cxd4 12.cxd4 Rc8 13.Nc3 Bd6 14.Rad1 Rhg8 15.dxe5 fxe5
16.Nxd5 Bxd5 17.Rxd5 Nb4 18.Qd1 Nxd5 19.Qxd5 Rgd8 20.Ng5 Qxb2 21.Qf3 f5 22.Nf7 Rd7
23.Nh6 e4 24.Qh5 Rdc7 25.Nxf5 Rc5 26.Bg4 Rf8 27.Qh6 Qf6 28.Qxf6 Rxf6 29.Rd1 Bc7
30.Nd4 Rc4 31.Ne6 h5 32.Bh3 Bb6 33.g3 Rxa4 34.Nf4 Rb4 35.Nd5 Rd6 36.Rc1 a5
37.Nxb4 axb4 38.Bf5 Bd8 39.Rb1 Rb6 40.Bxe4 b3 41.h4 b2 42.Bf3 Bf6 43.Bxh5 Rc6
44.Kg2 Ka7 45.g4 Kb6 46.g5 Bh8 47.f4 Kc5 48.Bf3 Rc8 49.Be4 Kb4 50.f5 b5 51.f6 Kb3
52.f7 Bg7 53.h5 Rc5 54.g6 Rc1 55.Bd3 b4 56.e4 Ka2 57.e5 Rxb1 58.Bxb1+ Kxb1
59.e6 Ka2 60.e7 b1=Q 61.e8=Q  1/2-1/2

[Event "4th Open C Women"]
[Site "Moscow RUS"]
[Date "2008.02.06"]
[Round "5"]
[White "Tomilova,E"]
[Black "Malgina Sterliagova,T"]
[Result "0-1"]
[WhiteElo "2276"]
[BlackElo "2374"]

1.d4 Nf6 2.Bg5 d5 3.Bxf6 exf6 4.e3 Be6 5.Ne2 c5 6.c3 Nc6 7.g3 Bd6 8.Bg2 O-O
9.O-O c4 10.Nd2 b5 11.Nf4 Bxf4 12.exf4 Rc8 13.a3 a5 14.Re1 Qd7 15.Nf1 Rfd8
16.Ne3 f5 17.h3 Rb8 18.Qf3 g6 19.h4 h5 20.Nf1 b4 21.axb4 axb4 22.Nd2 bxc3
23.bxc3 Rb2 24.Red1 Ne7 25.Qe3 Qd6 26.Re1 Rdb8 27.Nf3 Rc2 28.Ng5 Rbb2 29.Nxe6 fxe6
30.Qxe6+ Qxe6 31.Rxe6 Rxf2 32.Bf1 Kf7 33.Re5 Rf3 34.Ra7 Rxg3+ 35.Kh1 Rg4
36.Rexe7+ Kf8 37.Be2 Rxh4+ 38.Kg2 Rxf4 39.Kg3 Re4 40.Bf3 Rxe7 41.Rxe7 Kxe7  0-1

[Event "4th Open A"]
[Site "Moscow RUS"]
[Date "2008.02.07"]
[Round "6"]
[White "Maslak,K"]
[Black "Chernobay,A"]
[Result "1-0"]
[WhiteElo "2510"]
[BlackElo "2401"]

1.d4 Nf6 2.Bg5 c5 3.Bxf6 gxf6 4.d5 f5 5.g3 Qb6 6.Qc1 Bg7 7.e3 d6 8.Bg2 Nd7
9.a4 O-O 10.Nh3 Nf6 11.O-O e6 12.a5 Qa6 13.dxe6 fxe6 14.c4 Bd7 15.Rd1 Rad8
16.Nf4 Rfe8 17.Ra3 Bc6 18.Bxc6 bxc6 19.Qc2 d5 20.Nd2 dxc4 21.Rc1 e5 22.Ng2 c3
23.Rxc3 Qe2  1-0

[Event "10th TCh-Euro sen"]
[Site "Dresden GER"]
[Date "2008.02.11"]
[Round "1"]
[White "Nickl,K"]
[Black "Bue,G"]
[Result "1-0"]
[WhiteElo "2141"]
[BlackElo "1829"]

1.d4 Nf6 2.Bg5 g6 3.Bxf6 exf6 4.g3 Bg7 5.Bg2 O-O 6.e3 d5 7.Ne2 c6 8.O-O Be6
9.Nd2 f5 10.Qc1 Nd7 11.c4 Nf6 12.Qc2 dxc4 13.Nxc4 Bxc4 14.Qxc4 Ne4 15.Rfd1 Qe7
16.b4 Rfe8 17.Nf4 Rad8 18.Qb3 Bh6 19.Nd3 Bg7 20.Rac1 g5 21.b5 cxb5 22.Qxb5 Nd6
23.Qa5 b6 24.Qd5 Rc8 25.Re1 Qe6 26.Qb3 Qxb3 27.axb3 Rxc1 28.Rxc1 Rc8 29.Rxc8+ Nxc8
30.Bb7 Nd6 31.Ba6 Kf8 32.Nb4 f4 33.Nc6 fxe3 34.fxe3 f5 35.d5 Ke8 36.Nxa7 f4
37.exf4 gxf4 38.gxf4 Bh6 39.Bd3 Bxf4 40.Bxh7 Kf7 41.Bd3 Kf6 42.Nc6 Kg5 43.Kg2 Nf7
44.Nd4 Bc7 45.Ne6+  1-0

[Event "10th TCh-Euro sen"]
[Site "Dresden GER"]
[Date "2008.02.12"]
[Round "2"]
[White "Crombleholme,A"]
[Black "Kugelmann,W"]
[Result "1/2-1/2"]
[WhiteElo "2101"]
[BlackElo "2213"]

1.d4 Nf6 2.Bg5 g6 3.Bxf6 exf6 4.e3 d5 5.Bd3 Nc6 6.a3 Bg7 7.Nd2 Qe7 8.Ne2 Bg4
9.c4 dxc4 10.Nxc4 O-O 11.O-O Rfe8 12.Re1 Rad8 13.Qc2 Bxe2 14.Rxe2 f5 15.Rd1 Qd7
16.b4 a6 17.Nd2 Ne5 18.Nb3 Nxd3 19.Rxd3 c6 20.Qc4 Qe7 21.Rdd2 Rd5 22.Nc5 Qc7
23.g3 Red8 24.Nd3 Bh6 25.Rc2  1/2-1/2

[Event "10th TCh-Euro sen"]
[Site "Dresden GER"]
[Date "2008.02.13"]
[Round "3"]
[White "Nickl,K"]
[Black "Brameyer,H"]
[Result "0-1"]
[WhiteElo "2141"]
[BlackElo "2246"]

1.d4 Nf6 2.Bg5 c5 3.Bxf6 gxf6 4.d5 Qb6 5.Qc1 f5 6.c4 Bg7 7.Nc3 d6 8.e3 Nd7
9.f4 Nf6 10.Bd3 Ne4 11.Nge2 Nxc3 12.Nxc3 Bd7 13.Qc2 O-O 14.Rb1 e6 15.h3 Qd8
16.g4 Qf6 17.gxf5 exf5 18.Kd2 Rae8 19.Rbg1 Kh8 20.Rg3 Rg8 21.Rhg1 Bh6 22.Rxg8+ Rxg8
23.Rxg8+ Kxg8 24.Ne2 Bg7 25.Nc3 Qg6 26.Ne2 b6 27.Qb1 a6 28.b3 b5 29.Qg1 Kf8
30.Qg5 Bf6 31.Qg3 Bd8 32.Qxg6 fxg6 33.Ng1 h6 34.Ke2 Kg7 35.Kf3 g5 36.Kg2 Ba5
37.Kf2 Kf6 38.Ne2 Bd2 39.Ng1 gxf4 40.exf4 Bxf4 41.Nf3 Be5 42.Nd2 Be8 43.Be2 b4
44.Nf3 a5 45.Bd3 Bd7 46.Kg2 a4 47.Bc2 a3 48.Nd2 Bc3 49.Nf3 Bb2 50.Kg3 Bc1
51.h4 Be3 52.Ne1 Be8 53.Ng2 Bd2 54.Nf4 Ke5 55.Ne6 Be1+ 56.Kh3 Bh5 57.Bxf5 Kxf5
58.Ng7+ Kg6 59.Ne8 Bd1 60.Nxd6 Bxb3 61.h5+ Kh7 62.axb3  0-1

[Event "10th TCh-Euro sen"]
[Site "Dresden GER"]
[Date "2008.02.13"]
[Round "3"]
[White "Fritsch,J"]
[Black "Kahn,P"]
[Result "1/2-1/2"]
[WhiteElo "1980"]
[BlackElo "2067"]

1.d4 Nf6 2.Bg5 d5 3.Bxf6 exf6 4.e3 c5 5.Nf3 Qb6 6.Qc1 Nc6 7.c3 Be6 8.Nbd2 Rc8
9.Bd3 cxd4 10.exd4 Nb4 11.Bb1 Qa6 12.Nb3 Nd3+ 13.Bxd3 Qxd3 14.Qd2 Qb5 15.Qe2 Qb6
16.O-O Bd6 17.Qd2 O-O 18.Nc1 Bg4 19.Ne1 Qc7 20.g3 Rfe8 21.Kg2 Qd7 22.Rg1 Re7
23.f3 Bh3+ 24.Kf2 Rce8 25.Nc2 Qf5 26.Nd3 Bg4 27.Nce1 Bh3 28.Rd1 Qh5 29.Nc2 Bd7
30.Rg2 Bb5 31.Ne3  1/2-1/2

[Event "XXIV Open"]
[Site "Cappelle La Grande FRA"]
[Date "2008.02.18"]
[Round "4"]
[White "Pitl,G"]
[Black "Skinke,K"]
[Result "1-0"]
[WhiteElo "2405"]
[BlackElo "2180"]

1.d4 Nf6 2.Bg5 g6 3.Bxf6 exf6 4.c4 f5 5.Nc3 Bg7 6.e3 O-O 7.g3 d6 8.Bg2 Nd7
9.Nge2 Nf6 10.O-O Rb8 11.b4 Re8 12.Qd3 h5 13.Rab1 h4 14.Rfe1 hxg3 15.hxg3 Ng4
16.Nf4 a6 17.a4 Bd7 18.b5 axb5 19.Nxb5 Nf6 20.Nc3 c6 21.Rb4 Ne4 22.Reb1 Nxc3
23.Qxc3 Qc7 24.Rb6 Re7 25.a5 Ra8 26.Rxb7 Qxa5 27.Qxa5 Rxa5 28.Bxc6  1-0

[Event "10th TCh-Euro sen"]
[Site "Dresden GER"]
[Date "2008.02.18"]
[Round "8"]
[White "Fritsch,J"]
[Black "Birkestrand,O"]
[Result "1/2-1/2"]
[WhiteElo "1980"]
[BlackElo "1800"]

1.d4 Nf6 2.Bg5 g6 3.Bxf6 exf6 4.e3 f5 5.g3 Bg7 6.Bg2 d5 7.Ne2 O-O 8.O-O Qd6
9.Nd2 c6 10.c3 b6 11.Re1 Ba6 12.Nc1 Nd7 13.Qa4 Bb7 14.b4 a5 15.Qb3 a4 16.Qc2 b5
17.Nd3 Rfe8 18.Nf3 Re7 19.Re2 Rae8 20.Rae1 Bc8 21.Nc5 Nf6 22.Ne5 Ne4 23.Ned3 Nf6
24.f3 Bh6 25.Kf2 Kf8 26.a3 Kg8 27.h4 Nh5 28.Nf4 Bxf4 29.exf4 Ng7 30.Rxe7 Rxe7
31.Rxe7 Qxe7 32.Bf1 f6 33.Be2 Kf7 34.Qd2 h5 35.Bd3 Ne8 36.Qc2 Nd6 37.g4 hxg4
38.fxg4 Ne4+ 39.Bxe4 fxe4 40.Kg3 f5 41.g5 Qe8 42.Qe2 Qh8 43.Qd1  1/2-1/2

[Event "Aeroflot Open A2"]
[Site "Moscow RUS"]
[Date "2008.02.18"]
[Round "5"]
[White "Kryakvin,D"]
[Black "Safin,S"]
[Result "1/2-1/2"]
[WhiteElo "2535"]
[BlackElo "2493"]

1.d4 Nf6 2.Bg5 d5 3.Bxf6 gxf6 4.e3 c5 5.c3 Qb6 6.Qd2 Nc6 7.Nf3 Rg8 8.g3 e5
9.Bg2 e4 10.Nh4 Be7 11.Bf1 Bg4 12.h3 Be6 13.Ng2 Bd6 14.Nf4 O-O-O 15.Qc2 Kb8
16.Qb3 Qc7 17.Na3 cxd4 18.cxd4 Qa5+ 19.Kd1 a6 20.Nb1 Bxf4 21.gxf4 Nb4 22.Nc3 h5
23.Kd2 h4 24.Rc1 Bf5 25.a3 Nd3 26.Bxd3 exd3 27.Rhg1 Rg6 28.Rxg6 fxg6 29.Rg1 Qc7
30.Rc1 Qa5 31.Rg1 Rd6 32.Qb4 Qc7 33.Rc1 Rc6 34.Qf8+ Ka7 35.Qg8 Qb6 36.b4 Qc7
37.b5 Be6 38.Qxg6 Rc4 39.Qxf6 Qd7 40.bxa6 bxa6 41.Qxh4 Bf5 42.Qf6 Be4 43.f3 Bxf3
44.Qf8 Qc7 45.h4 Be4 46.h5 Qb6 47.Qe7+ Ka8 48.Nxe4 Qb2+ 49.Kxd3 Rxc1 50.Qd8+ Ka7
51.Qd7+ Kb8 52.Qd6+ Ka7 53.Qd7+ Kb8 54.Qd6+  1/2-1/2

[Event "XXIV Open"]
[Site "Cappelle La Grande FRA"]
[Date "2008.02.22"]
[Round "8"]
[White "Kanep,M"]
[Black "Zozulia,A"]
[Result "1-0"]
[WhiteElo "2523"]
[BlackElo "2344"]

1.d4 Nf6 2.Bg5 c5 3.d5 Ne4 4.Bf4 Qb6 5.Nd2 Qxb2 6.Nxe4 Qb4+ 7.Qd2 Qxe4 8.e3 d6
9.Ne2 Qb4 10.Nc3 Qa5 11.Bb5+ Bd7 12.Rb1 Bxb5 13.Rxb5 Qc7 14.Ne4 Nd7 15.c4 a6
16.Rb3 Nf6 17.Nxf6+ gxf6 18.O-O Rb8 19.Rfb1 e5 20.Bg3 Be7 21.Qb2 O-O 22.Rxb7 Rxb7
23.Qxb7 Qxb7 24.Rxb7 Re8 25.f3 f5 26.Be1 Kg7 27.Bc3 Kg6 28.Ra7 f4 29.Kf2 fxe3+
30.Ke2 h5 31.Rxa6 Kf5 32.a4 h4 33.Ra7  1-0

[Event "25th Festival Open A"]
[Site "Bled SLO"]
[Date "2008.02.24"]
[Round "2"]
[White "Sirnik,B"]
[Black "Kosir,F"]
[Result "1-0"]
[WhiteElo "2207"]
[BlackElo "2107"]

1.d4 Nf6 2.Bg5 g6 3.Bxf6 exf6 4.c4 Bg7 5.Nc3 b6 6.e3 Bb7 7.Nge2 O-O 8.h4 f5
9.h5 d6 10.Qc2 Nd7 11.Nf4 Nf6 12.hxg6 hxg6 13.Bd3 Re8 14.O-O-O Be4 15.Bxe4 Nxe4
16.Nxe4 fxe4 17.Qa4 a5 18.Qc6 a4 19.Nd5 Ra7 20.Rd2 Qa8 21.Qxa8 Rexa8 22.Ne7+ Kf8
23.Nc6 Rb7 24.Kb1 b5 25.Rc1 b4 26.d5 f5 27.g4 Kf7 28.Rh1 Rb6 29.gxf5 gxf5
30.f3 Rh8 31.Rxh8 Bxh8 32.fxe4 fxe4 33.Rf2+ Ke8 34.Rf4 a3 35.Rxe4+ Kf8 36.b3 Bf6
37.Re6 Kf7 38.Kc2 Bg5 39.Re4 Bf6 40.Kd3 Kf8 41.Re6 Kf7 42.Re4 Kg6 43.Rg4+ Kf7
44.Rg2 Bc3 45.Nd8+ Ke7 46.Rg8 Bf6 47.Nc6+ Kd7 48.Rf8 Bh4 49.Rh8 Bg5 50.Ke4 Rxc6
51.Rh7+  1-0

[Event "XI Open"]
[Site "Malaga ESP"]
[Date "2008.02.25"]
[Round "4"]
[White "Bellon Lopez,JuM"]
[Black "Berbatov,K"]
[Result "1-0"]
[WhiteElo "2455"]
[BlackElo "2195"]

1.d4 Nf6 2.Bg5 c5 3.Bxf6 gxf6 4.d5 Qb6 5.Qc1 f5 6.e3 Bg7 7.c3 d6 8.g3 Nd7
9.Nd2 Nf6 10.Bg2 e6 11.Ne2 h5 12.Qc2 h4 13.a4 hxg3 14.hxg3 Rxh1+ 15.Bxh1 Bd7
16.Nc4 Qc7 17.dxe6 fxe6 18.Bxb7 Rb8 19.Bf3 d5 20.Nd2 e5 21.Bg2 Qb6 22.b3 Be6
23.a5 Qc7 24.Bh3 Qd7 25.Rd1 Ke7 26.Ng1 Rh8 27.Bg2 Qb5 28.Ngf3 Ne4 29.Nh4 Kf7
30.c4 Qb4 31.cxd5 Bxd5 32.Nxf5 Nc3 33.Bxd5+ Nxd5 34.Nh4  1-0

[Event "3rd l'Ouest Toulousain Open"]
[Site "Colomiers FRA"]
[Date "2008.02.27"]
[Round "4"]
[White "Miladinovic,I"]
[Black "Zarrouati,P"]
[Result "1-0"]
[WhiteElo "2604"]
[BlackElo "2160"]

1.d4 Nf6 2.Bg5 c5 3.dxc5 Na6 4.c3 Nxc5 5.Bxf6 gxf6 6.Nd2 b5 7.Nb3 Qb6 8.Qd5 Nb7
9.Qf3 a5 10.a3 Ra7 11.Qf4 e5 12.Qc1 Nd6 13.e3 Rc7 14.Nf3 Bb7 15.Be2 Rg8 16.O-O Rc4
17.Nbd4 exd4 18.exd4 Qc7 19.Re1 Kd8 20.Qf4 Ne4 21.Qf5 Rc5 22.dxc5 Qxc5 23.Qxc5 Bxc5
24.Nd4 Nxc3 25.Bf3 Bxf3 26.Nxf3 Nd5 27.Re4 d6 28.Rd1 Ne7 29.b4 axb4 30.axb4 f5
31.Rh4 Ng6 32.bxc5  1-0

[Event "65th ch-POL"]
[Site "Lublin POL"]
[Date "2008.02.28"]
[Round "4"]
[White "Macieja,B"]
[Black "Bobras,P"]
[Result "1/2-1/2"]
[WhiteElo "2617"]
[BlackElo "2581"]

1.d4 Nf6 2.Bg5 d5 3.e3 c6 4.c3 Ne4 5.Bf4 Qb6 6.Qc2 Bf5 7.Bd3 e6 8.f3 Nd6
9.e4 Bg6 10.Nd2 Nd7 11.h4 h5 12.O-O-O Be7 13.Ne2 Qa5 14.Kb1 b5 15.Nb3 Qb6
16.Bc1 dxe4 17.fxe4 e5 18.Ng3 f6 19.Be3 Nc4 20.Bf2 Qc7 21.Nf5 Bf8 22.Nc5 Nxc5
23.dxc5 Bf7 24.Bxc4 Bxc4 25.Rd2 Be6 26.Be3 Kf7 27.Rf1 g6 28.Nd6+ Kg7 29.b3 Be7
30.Qd1 a5 31.Qf3 b4 32.cxb4 a4 33.Rb2 axb3 34.axb3 Ra3 35.Kc2 Qa7 36.Bd2 Ra2
37.Rb1 Qa3 38.Qc3 Rd8 39.Qe3 Rh8 40.Rxa2 Qxa2+ 41.Rb2 Qa7 42.Nc4 Bf7 43.Na5 Qa6
44.Rb1 Rd8 45.Re1 Kg8 46.Bc3 Be6 47.Qe2 Qc8 48.Rd1 Rxd1 49.Qxd1 Qa6 50.Qd3 Qxd3+
51.Kxd3 Bd7 52.Nc4 Bc8  1/2-1/2

[Event "XI Open"]
[Site "Malaga ESP"]
[Date "2008.03.01"]
[Round "9"]
[White "Tate,E"]
[Black "Rivas Pastor,M"]
[Result "0-1"]
[WhiteElo "2390"]
[BlackElo "2505"]

1.d4 Nf6 2.Bg5 d5 3.Bxf6 exf6 4.e3 Be6 5.Nd2 c6 6.Bd3 Nd7 7.Ne2 f5 8.c4 Nf6
9.Qb3 Qd7 10.Nf4 Bd6 11.cxd5 Bxd5 12.Nxd5 Nxd5 13.Nc4 g6 14.O-O O-O 15.g3 Rad8
16.Rfd1 Bb8 17.Bf1 Rfe8 18.Rac1 Re7 19.Bg2 Qe8 20.Na5 Rdd7 21.Qd3 h5 22.Nc4 h4
23.a3 hxg3 24.hxg3 Kg7 25.b4 Rd8 26.Bxd5 Rxd5 27.Kg2 b6 28.Nd2 Re6 29.Rh1 Be5
30.Rc3 Bf6 31.Nf3 a5 32.bxa5 Rxa5 33.Rb3 Qd8 34.Rd1 b5 35.Rc3 Qd5 36.Rdc1 Be7
37.R1c2 Ra8 38.Rc5 Bxc5 39.Rxc5 Qe4 40.Qxe4 fxe4 41.Ng5 Re7 42.Rxc6 Rxa3
43.Rb6 Rb3 44.g4 Rb2 45.Nh3 Re6 46.Rb8 Rf6 47.Re8 b4 48.d5 b3 49.Rb8 g5 50.d6 Rxd6
51.Nxg5 Rg6 52.Rb5 Rc2 53.Nxe4 b2 54.g5 Ra6 55.Ng3 Ra5 56.Nf5+ Kh7 57.g6+ Kxg6
58.Ne7+ Kh7  0-1

[Event "58th ch-RUS w 1st liga"]
[Site "Smolensk RUS"]
[Date "2008.03.01"]
[Round "4"]
[White "Tomilova,E"]
[Black "Savina,A"]
[Result "1-0"]
[WhiteElo "2276"]
[BlackElo "2202"]

1.d4 Nf6 2.Bg5 d5 3.Bxf6 exf6 4.e3 Be7 5.g3 O-O 6.Bg2 c6 7.Ne2 Bg4 8.h3 Bf5
9.O-O Nd7 10.Nd2 Nb6 11.Nf4 Re8 12.c3 Bd6 13.Qf3 Qd7 14.Kh2 Na4 15.c4 Bb4
16.Qd1 Nb6 17.c5 Bxd2 18.Qxd2 Nc4 19.Qc3 b6 20.b3 Na5 21.Rfc1 Rac8 22.Bf1 Be4
23.b4 Nb7 24.a4 bxc5 25.bxc5 Nd8 26.Be2 Ne6 27.Bg4 Qc7 28.f3 Bg6 29.h4 Nxf4
30.gxf4 f5 31.Bh3 Re7 32.Re1 Rce8 33.Rab1 f6 34.Rb3 Bh5 35.Kg2 g5 36.Bxf5 gxf4
37.e4 Rg7+ 38.Kh2 Rg3 39.exd5 Qg7 40.Rxe8+ Bxe8 41.Qe1 Kf8 42.Rb8 Qf7 43.Qe6 cxd5
44.Qxf7+ Kxf7 45.Rb7+ Kf8 46.Rxa7 Rxf3 47.a5 Rf2+ 48.Kh3 h5 49.Bd7 Bg6 50.Ra8+ Kg7
51.Be6 Bd3 52.Rg8+ Kh7 53.Rg1 Bf1+ 54.Rxf1 Rxf1 55.c6 f3 56.Bxd5 f2 57.Kg2 Ra1
58.Kxf2 Rxa5 59.c7 Rxd5 60.c8=Q Rxd4 61.Qf5+ Kg7 62.Qxh5 Re4 63.Kf3 Re5 64.Qg4+ Kh7
65.Kf4 Ra5 66.Qd7+ Kg6 67.Qe8+ Kg7 68.Qe7+ Kg6 69.Qf8 Ra4+ 70.Kg3 Ra7 71.h5+  1-0

[Event "TCh-BEL 2007-8"]
[Site "Belgium BEL"]
[Date "2008.03.02"]
[Round "10"]
[White "Nieto,E"]
[Black "Geirnaert,S"]
[Result "0-1"]
[WhiteElo "2239"]
[BlackElo "2316"]

1.d4 Nf6 2.Bg5 d5 3.e3 Ne4 4.Bf4 c5 5.Bd3 cxd4 6.Bxe4 dxe4 7.Qxd4 Qxd4 8.exd4 Nc6
9.c3 f5 10.f3 g5 11.Bxg5 Rg8 12.Bf4 e5 13.dxe5 Rxg2 14.Nd2 Bc5 15.O-O-O Ne7
16.fxe4 Ng6 17.Bh6 fxe4 18.Nxe4 Bf5 19.Nf6+ Kf7 20.Rf1 Rc2+ 21.Kd1 Rd8+ 22.Ke1 Nh4  0-1

[Event "TCh-HUN 2007-8"]
[Site "Budapest HUN"]
[Date "2008.03.02"]
[Round "7"]
[White "Vass,F"]
[Black "Groszpeter,A"]
[Result "1/2-1/2"]
[WhiteElo "2417"]
[BlackElo "2540"]

1.d4 Nf6 2.Bg5 d5 3.Nf3 Nbd7 4.Nbd2 c6 5.e3 h6 6.Bh4 g5 7.Bg3 Nh5 8.Be5 f6
9.Bd3 Kf7 10.Nh4 Ng7 11.Ng6 Rg8 12.Bg3 e6 13.h4 Nf5 14.Bxf5 exf5 15.Nxf8 Nxf8
16.hxg5 hxg5 17.Rh6 Ng6 18.Qh5 Qf8 19.Rh7+ Rg7 20.Rh6 Rg8 21.Rh7+ Rg7 22.Rh6  1/2-1/2